IPD UK Rural Property Investment Index 2008 (Record no. 109814)

MARC details
000 -LEADER
fixed length control field 01162cad a22002295a 4500
001 - CONTROL NUMBER
control field L147957
008 - FIXED-LENGTH DATA ELEMENTS--GENERAL INFORMATION
fixed length control field 090706s2009 xxkd f s 000 0 eng d
035 ## - SYSTEM CONTROL NUMBER
System control number (Sirsi) u147957
041 0# - LANGUAGE CODE
Language code of text/sound track or separate title eng
050 04 - LIBRARY OF CONGRESS CALL NUMBER
Classification number 332.6324 $2 18
110 2# - MAIN ENTRY--CORPORATE NAME
Corporate name or jurisdiction name as entry element Investment Property Databank
9 (RLIN) 2288
245 00 - TITLE STATEMENT
Title IPD UK Rural Property Investment Index 2008
Medium [electronic resource]
260 ## - PUBLICATION, DISTRIBUTION, ETC.
Place of publication, distribution, etc. London
Name of publisher, distributor, etc. IPD
Date of publication, distribution, etc. 2009
520 ## - SUMMARY, ETC.
Summary, etc. Reports annual index of IPD UK Rural Property Investment for 2008. Measures ungeared total returns to direct investment in a sample of tenanted farm land. Reports that at December 2008, the sample consisted of 589 766 acres of land on 243 estates. Their capital value was at just under £2.1bn and their total return was at just 1.7%. Provides regional breakdown.
521 ## - TARGET AUDIENCE NOTE
Target audience note Advanced
590 ## - LOCAL NOTE (RLIN)
Local note KA NTK
650 24 - SUBJECT ADDED ENTRY--TOPICAL TERM
Topical term or geographic name entry element IPD UK RURAL PROPERTY INVESTMENT INDEX
651 #4 - SUBJECT ADDED ENTRY--GEOGRAPHIC NAME
Geographic name United Kingdom
Chronological subdivision
690 ## - LOCAL SUBJECT ADDED ENTRY--TOPICAL TERM (OCLC, RLIN)
Topical term or geographic name as entry element PROPERTY-RURAL AND NATURAL ASSETS-RURAL AND NATURAL ASSET FINANCE AND INVESTMENT
856 40 - ELECTRONIC LOCATION AND ACCESS
Uniform Resource Identifier <a href="https://www.ipd.com/OurProducts/Indices/UnitedKingdom/UKRural/tabid/1010/Default.aspx">https://www.ipd.com/OurProducts/Indices/UnitedKingdom/UKRural/tabid/1010/Default.aspx</a>
Public note View the item free of charge at www.ipd.com...
942 ## - ADDED ENTRY ELEMENTS (KOHA)
Suppress in OPAC 0
Holdings
Withdrawn status Lost status Source of classification or shelving scheme Damaged status Not for loan Home library Current library Shelving location Date acquired Total Checkouts Full call number Barcode Date last seen Copy number Price effective from Koha item type
    Dewey Decimal Classification     Virtual Virtual Online 06/07/2009   ONLINE PUBLICATION 147957-2001 06/08/2019 1 06/08/2019 Book